Violencia y religión en la historia de Occidente

Сохранить в:
Библиографические подробности
Главный автор: Pikaza Ibarrondo, Xabier (Автор)
Формат:
Язык:испанский
Опубликовано: Valencia Tirant Lo Blanch 2005
Серии:Colección Diáspora
Предметы:
Метки: Добавить метку
Нет меток, Требуется 1-ая метка записи!

MARC

LEADER 00000nam a2200000 a 4500
001 UCH0724
003 CL-VaPUC
008 090320e20050000SP |||||||||||||||||spa|d
020 |a 848456374X 
082 0 4 |a 261.83  |b PIK  |2 21 
100 0 |a Pikaza Ibarrondo, Xabier  |e author  |9 535001 
245 1 0 |a Violencia y religión en la historia de Occidente 
300 |a 366 p 
942 |c BK 
945 |d 20090320 00:00:00  |a dcastane 
260 |a Valencia  |b Tirant Lo Blanch  |c 2005 
650 0 |a Violencia  |9 255411 
650 0 |a Aspectos religiosos  |9 257320 
650 0 |a Cristianismo  |9 257361 
650 0 |a Religión   |9 255164 
650 0 |a Violencia intrafamiliar  |9 312986 
650 0 |a Violencia de género   |9 535002 
583 |a last modification  |c 20180326 12:35:42  |k Rodrigo Vera 
490 0 |a Colección Diáspora 
999 |c 332971  |d 332969 
952 |0 0  |1 0  |4 0  |6 261_830000000000000_PIK_2005  |7 0  |8 A  |9 421050  |a BIBHIS  |b BIBHIS  |d 2019-11-22  |i 452408K  |o 261.83 PIK 2005  |p 452408K  |r 2025-01-20  |w 2019-11-22  |y BK  |k HIS